000
00303cam a22001097a 4500
008
180718b1953 xxu||||| |||| 00| 0 eng d
082
_a
A6x5422
245
_a
Dawn of freedom
_c
edited by V.N. Misra
260
_a
Rewa
_b
Information and Publicity Department
_c
1953
300
_a
126+p.
700
_a
Misra, V.N.
999
_c
487113
_d
487113